000 002350000a22000970004500
100 1 _aRincón, Héctor
245 1 0 _aCuando se llevaron a Panamá
300 _aVol. 21, Núm 21 (1993), Páginas 18-20
773 0 _tCambio 16
942 _cANA
999 _c58339
_d58339